Michel Foucault/

Guardat en:
Dades bibliogràfiques
Autor principal: FENDLER, Lynn
Format: Llibre
Idioma:anglès
Publicat: Bloomsbury Academic 2010
Etiquetes: Afegir etiqueta
Sense etiquetes, Sigues el primer a etiquetar aquest registre!

MARC

LEADER 00000nam a22000007a 4500
008 210901b ||||| |||| 00| 0 eng d
020 |a  978-1-4725-1881-1 
100 |a FENDLER, Lynn. 
245 |a Michel Foucault/  |c Lynn Fendler.  |e (Bloomsbury library of educational thought)  |g  xiv, 235p. 
260 |b Bloomsbury Academic  |c  2010  |h London  |i 696243 – Educ.   |i 696244  |l LB880 .F682F82  |m Foucault, Michel, 1926-1984  |m Foucault, Michel, 1926-1984 – Influence.  |m Education – Philosophy. 
500 |a “It includes index and references” 
942 |a lcc  |c BK  |e j. o. ifatola  |f 01/ 09/ 2021 
952 |0 0  |1 0  |2 lcc  |4 0  |6 LB0880 F682 F82  |7 0  |9 3343  |a HOL  |b HOL  |c LP  |d 2021-09-01  |l 0  |o LB880 .F682F82  |p 2021-67054  |r 2021-09-01 00:00:00  |w 2021-09-01  |y BK 
952 |0 0  |1 0  |2 lcc  |4 0  |6 LB0880 F682 F82  |7 0  |9 3344  |a ED  |b HOL  |c LP  |d 2021-09-01  |l 0  |o LB880 .F682F82  |p 2021-67055  |r 2021-09-01 00:00:00  |w 2021-09-01  |y BK 
999 |c 1666  |d 1666